| 000 | 01204nam a22003978a 4500 | ||
|---|---|---|---|
| 001 | ocn727610571 | ||
| 003 | OCoLC | ||
| 005 | 20200320185822.0 | ||
| 008 | 110527s2012 ilu j b 001 0 eng | ||
| 010 | _a 2011016097 | ||
| 020 | _a9781410945228 (hb) | ||
| 020 | _a1410945227 (hb) | ||
| 020 | _a9781410945297 (pb) | ||
| 020 | _a1410945294 (pb) | ||
| 020 | _c21.99 | ||
| 035 | _a(OCoLC)727610571 | ||
| 040 |
_aDLC _cDLC _dLB4 _dBDX _dWACOL |
||
| 042 | _apcc | ||
| 049 | _aWACL | ||
| 050 | 0 | 0 |
_aQE861.5 _b.M3743 2012 |
| 082 | 0 | 0 |
_a567.9 _223 |
| 092 |
_aJ567.9 _bMat |
||
| 100 | 1 |
_aMatthews, Rupert. _929658 |
|
| 245 | 1 | 0 |
_aWorld's biggest dinosaurs / _cRupert Matthews. |
| 260 |
_aChicago, Ill. : _bRaintree, _cc2012. |
||
| 263 | _a1201 | ||
| 300 |
_a32 p. : _bcol. ill. ; _c25 cm. |
||
| 490 | 0 | _aExtreme dinosaurs | |
| 504 | _aIncludes bibliographical references and index. | ||
| 650 | 0 |
_aDinosaurs _vJuvenile literature. _95673950 |
|
| 938 |
_aBrodart _bBROD _n13580507 _c$7.99 |
||
| 942 |
_cBOOK _028 |
||
| 948 |
_a03/07/2012 _zSirsi |
||
| 994 |
_a02 _bWACOL |
||
| 996 |
_a89133 _b34301001064122 _cJNF _dbk _ewcl _fi _g28 _h21.99 _lpenworthy _m567.9 Mat _p03/07/2012 _q12/17/2019 _r11/27/2019 |
||
| 999 |
_c277263 _d277263 |
||